[Event "La Zubia op"]
[Site "La Zubia"]
[Date "2023.12.07"]
[Round "1"]
[White "Serrano Almendros, Alejandro"]
[Black "Herrero Pena, Laura"]
[Result "1-0"]
[WhiteElo "2200"]
[BlackElo "1591"]
[PlyCount "125"]
[EventDate "2023.12.07"]
[EventType "swiss"]
[EventRounds "7"]
[EventCountry "ESP"]
[SourceTitle "CB50_2023"]
[SourceDate "2023.12.13"]
[SourceVersion "1"]
[SourceVersionDate "2023.12.13"]
[SourceQuality "1"]

1. e4 c5 2. c3 Nf6 3. e5 Nd5 4. d4 cxd4 5. Nf3 e6 6. cxd4 d6 7. Bc4 Nc6 8. Qe2 Be7 9. 0-0 0-0 10. Qe4 Qc7 11. Bg5 dxe5 12. dxe5 Bxg5 13. Nxg5 g6 14. Nf3 Rd8 15. Nbd2 b6 16. Qh4 h5 17. Ne4 Bb7 18. Bxd5 exd5 19. Nf6+ Kg7 20. Qg5 Qe7 21. Nxh5+ Kh7 22. Nf6+ Kg7 23. Rac1 Qe6 24. Nh5+ Kg8 25. Nf4 Qe7 26. Qxe7 Nxe7 27. Rc7 Ba6 28. Rxe7 Bxf1 29. Kxf1 a6 30. e6 fxe6 31. Nxe6 Re8 32. Rg7+ Kh8 33. Nfg5 Rf8 34. Nf7+ Rxf7 35. Rxf7 Re8 36. Rf8+ Rxf8 37. Nxf8 Kg7 38. Ne6+ Kf6 39. Nc7 d4 40. Nxa6 Ke5 41. Ke2 Ke4 42. f3+ Kf4 43. Kd3 Ke5 44. Nb4 g5 45. Nc6+ Kd5 46. Nxd4 Ke5 47. b4 Kd5 48. a4 Kd6 49. a5 bxa5 50. bxa5 Kc5 51. g3 Kd6 52. h4 gxh4 53. gxh4 Kc7 54. h5 Kb7 55. h6 Ka6 56. h7 Kxa5 57. h8Q Kb6 58. Qe5 Kb7 59. Qd6 Ka7 60. Nb5+ Ka8 61. Qc6+ Kb8 62. Qc7+ Ka8 63. Qa7# 1-0

[Event "Alicante Easter op 7th"]
[Site "La Nucia"]
[Date "2023.04.06"]
[Round "2"]
[White "Serrano Almendros, Alejandro"]
[Black "Dvirnyy, Danyyil"]
[Result "1/2-1/2"]
[WhiteElo "2151"]
[BlackElo "2541"]
[PlyCount "134"]
[EventDate "2023.04.05"]
[EventType "swiss"]
[EventRounds "9"]
[EventCountry "ESP"]
[SourceTitle "CBM 213 Extra"]
[Source "ChessBase"]
[SourceDate "2023.05.31"]
[SourceVersion "1"]
[SourceVersionDate "2023.05.31"]
[SourceQuality "1"]

1. d4 Nf6 2. c4 e6 3. Nc3 Bb4 4. e3 0-0 5. Bd3 d5 6. Nge2 c5 7. a3 Bxc3+ 8. bxc3 dxc4 9. Bxc4 Qc7 10. Bd3 Nc6 11. f4 b6 12. 0-0 Rd8 13. Ng3 Ne7 14. Ne4 Nxe4 15. Bxe4 Bb7 16. Qf3 Bxe4 17. Qxe4 Rac8 18. a4 Nd5 19. Qd3 cxd4 20. cxd4 Qc2 21. Qxc2 Rxc2 22. f5 exf5 23. Rxf5 Nc3 24. Kf1 Nxa4 25. Rxa4 Rxc1+ 26. Ke2 Rd7 27. Kd3 Kf8 28. Rf2 Ke7 29. Ra6 Kd8 30. Rfa2 Rcc7 31. e4 Kc8 32. R6a4 Kb8 33. Rc4 a5 34. e5 Rc5 35. Rxc5 bxc5 36. Rxa5 Rxd4+ 37. Ke3 Rc4 38. Kd3 Rc1 39. Kd2 Rh1 40. Rb5+ Kc7 41. Rxc5+ Kb6 42. e6 fxe6 43. Re5 Rxh2 44. Rxe6+ Kc5 45. Re2 Kd4 46. Ke1 Kd3 47. Kf1 Rh6 48. Re7 Rg6 49. Kf2 Kd4 50. Kf3 Kd5 51. Kf2 Kd6 52. Re3 Rf6+ 53. Kg1 Re6 54. Rg3 Re7 55. Rf3 Ke6 56. Kh2 Rf7 57. Re3+ Kf6 58. Rf3+ Ke7 59. Re3+ Kf8 60. Re2 g6 61. Ra2 Kg7 62. Rb2 h5 63. g4 h4 64. g5 Rf5 65. Rb7+ Kf8 66. Kh3 Rxg5 67. Kxh4 Rf5 1/2-1/2

[Event "ESP-ch 87th"]
[Site "Linares"]
[Date "2022.08.14"]
[Round "5"]
[White "Suarez Uriel, Adrian"]
[Black "Serrano Almendros, Alejandro"]
[Result "0-1"]
[WhiteElo "2402"]
[BlackElo "2168"]
[PlyCount "96"]
[EventDate "2022.08.11"]
[EventType "swiss"]
[EventRounds "9"]
[EventCountry "ESP"]
[SourceTitle "CBM 209 Extra"]
[Source "ChessBase"]
[SourceDate "2022.09.30"]
[SourceVersion "1"]
[SourceVersionDate "2022.09.30"]
[SourceQuality "1"]

1. Nf3 Nf6 2. c4 e6 3. g3 d5 4. Bg2 Be7 5. 0-0 0-0 6. b3 c5 7. e3 Nc6 8. Na3 Qa5 9. d3 Rd8 10. Qe2 a6 11. Nc2 e5 12. cxd5 Nxd5 13. Bb2 Bf6 14. Nd2 Be6 15. Ne4 Be7 16. g4 Rd7 17. f4 f6 18. f5 Bf7 19. h4 Rad8 20. g5 Ndb4 21. Nxb4 Nxb4 22. Qg4 Kh8 23. Rf3 Bd5 24. Rg3 Bxe4 25. Bxe4 Nxd3 26. Bxd3 Rxd3 27. h5 Qd2 28. h6 Qxb2 29. hxg7+ Kg8 30. Qc4+ R8d5 31. Rf1 Qe2 32. Qa4 Rd8 33. Qc4+ R8d5 34. Qa4 Rd7 35. Qc4+ R7d5 36. Qa4 Qh5 37. g6 Rd8 38. Qc4+ R3d5 39. gxh7+ Qxh7 40. Qg4 Rd2 41. Qc4+ R8d5 42. Rf2 Rd1+ 43. Rf1 Rxf1+ 44. Qxf1 Qh5 45. Qc4 Qd1+ 46. Kh2 b5 47. Qe4 Rd2+ 48. Kh3 Qh5+ 0-1

[Event "ESP-ch U18 Rapid"]
[Site "Salobrena"]
[Date "2022.08.07"]
[Round "7"]
[White "Serrano Almendros, Alejandro"]
[Black "Mangues Rubia, Alex"]
[Result "1-0"]
[WhiteElo "1835"]
[BlackElo "1647"]
[PlyCount "55"]
[EventDate "2022.08.06"]
[EventType "swiss (rapid)"]
[EventRounds "9"]
[EventCountry "ESP"]
[SourceTitle "EXT 2023"]
[Source "ChessBase"]
[SourceDate "2022.10.05"]
[SourceVersion "1"]
[SourceVersionDate "2022.10.05"]
[SourceQuality "1"]

1. d4 Nf6 2. c4 c6 3. Nc3 d5 4. cxd5 cxd5 5. Bf4 Nc6 6. e3 a6 7. Bd3 Bg4 8. Nge2 e6 9. 0-0 Be7 10. Rc1 0-0 11. a3 Nh5 12. Qc2 f5 13. f3 Nxf4 14. Nxf4 Bxf3 15. Rxf3 Qd6 16. Rf2 Bg5 17. Nce2 Rac8 18. Qd2 e5 19. dxe5 Qxe5 20. Rc5 Rcd8 21. Rxd5 Qe7 22. Bc4 Kh8 23. Qc3 Ne5 24. Qxe5 Qxe5 25. Rxe5 Rd1+ 26. Rf1 Rd2 27. Ne6 Re8 28. Nxg5 1-0

[Event "ESP-ch U18 Rapid"]
[Site "Salobrena"]
[Date "2022.08.07"]
[Round "9"]
[White "Serrano Almendros, Alejandro"]
[Black "Marabajan Navas, Saul"]
[Result "1-0"]
[WhiteElo "1835"]
[BlackElo "1578"]
[PlyCount "67"]
[EventDate "2022.08.06"]
[EventType "swiss (rapid)"]
[EventRounds "9"]
[EventCountry "ESP"]
[SourceTitle "EXT 2023"]
[Source "ChessBase"]
[SourceDate "2022.10.05"]
[SourceVersion "1"]
[SourceVersionDate "2022.10.05"]
[SourceQuality "1"]

1. a3 Nf6 2. d4 d5 3. Nf3 e6 4. e3 c5 5. dxc5 Bxc5 6. b4 Bd6 7. Bb2 a6 8. c4 dxc4 9. Bxc4 b5 10. Bb3 0-0 11. Nbd2 Ra7 12. Bxf6 gxf6 13. 0-0 Rd7 14. Qe2 Bb7 15. Rad1 Qe7 16. Bc2 Nc6 17. Ne4 f5 18. Nxd6 Rxd6 19. Rxd6 Qxd6 20. Rd1 Qe7 21. e4 fxe4 22. Bxe4 Rd8 23. Rc1 Qd6 24. Ng5 f5 25. Qh5 Rd7 26. Qe8+ Kg7 27. Bf3 Nd4 28. Bd1 Kf6 29. Qh5 Rg7 30. Qh6+ Rg6 31. Nxh7+ Kf7 32. Rc7+ Ke8 33. Qxg6+ Kd8 34. Rxb7 1-0

[Event "ESP-ch U18 Rapid"]
[Site "Salobrena"]
[Date "2022.08.06"]
[Round "1"]
[White "Herrera Salvador, Francisco Alej"]
[Black "Serrano Almendros, Alejandro"]
[Result "0-1"]
[WhiteElo "1462"]
[BlackElo "1835"]
[PlyCount "54"]
[EventDate "2022.08.06"]
[EventType "swiss (rapid)"]
[EventRounds "9"]
[EventCountry "ESP"]
[SourceTitle "EXT 2023"]
[Source "ChessBase"]
[SourceDate "2022.10.05"]
[SourceVersion "1"]
[SourceVersionDate "2022.10.05"]
[SourceQuality "1"]

1. c4 e6 2. Nc3 d5 3. cxd5 exd5 4. d4 Nf6 5. Nf3 c6 6. g3 Bd6 7. Bg2 0-0 8. 0-0 Re8 9. Bf4 Bf5 10. e3 Be7 11. Ne5 Ne4 12. Nxe4 dxe4 13. Qb3 Qd5 14. Qxb7 Nd7 15. Qxc6 Nf6 16. Qxd5 Nxd5 17. Rac1 g5 18. Bxg5 Bxg5 19. Rc5 Rad8 20. Rfc1 Nxe3 21. Re1 Nd5 22. g4 Bg6 23. Nxg6 hxg6 24. Bxe4 Bd2 25. Re2 Nf4 26. Rxd2 Rxe4 27. d5 Re1# 0-1

[Event "ESP-ch U18"]
[Site "Salobrena"]
[Date "2022.08.05"]
[Round "7"]
[White "Garcia Molina, Jose"]
[Black "Serrano Almendros, Alejandro"]
[Result "0-1"]
[WhiteElo "2110"]
[BlackElo "2177"]
[PlyCount "132"]
[EventDate "2022.08.01"]
[EventType "swiss"]
[EventRounds "9"]
[EventCountry "ESP"]
[SourceTitle "EXT 2023"]
[Source "ChessBase"]
[SourceDate "2022.10.05"]
[SourceVersion "1"]
[SourceVersionDate "2022.10.05"]
[SourceQuality "1"]

1. d4 d5 2. c4 e6 3. Nc3 Nf6 4. cxd5 exd5 5. Bg5 c6 6. Qc2 Be6 7. e3 Nbd7 8. Bd3 h6 9. Bh4 g5 10. Bg3 Nh5 11. Nge2 Nxg3 12. hxg3 Qf6 13. f4 Nb6 14. a3 0-0-0 15. f5 Bd7 16. g4 Bg7 17. 0-0-0 Qe7 18. Rh3 Kb8 19. Qd2 c5 20. Kb1 Rc8 21. Rf1 Bf6 22. Rfh1 Qf8 23. Qe1 Qg7 24. Qf2 Bc6 25. Ng3 Qf8 26. Nh5 Be7 27. f6 Bd6 28. Ng7 Bd7 29. Bf5 Qd8 30. Bxd7 Qxd7 31. Nf5 Bf8 32. Rc1 Rc6 33. e4 cxd4 34. Nxd4 Rc4 35. Ncb5 a6 36. Rxc4 dxc4 37. Qg3+ Ka8 38. Qc7 Qxc7 39. Nxc7+ Kb8 40. Nd5 Nd7 41. Nf5 Ne5 42. Nde3 Bc5 43. Kc2 Kc7 44. Nd5+ Kd7 45. Rxh6 Rxh6 46. Nxh6 Ke6 47. Kc3 b5 48. b3 Bxa3 49. bxc4 Nxc4 50. Nf5 Bb2+ 51. Kd3 Be5 52. Nd4+ Kd6 53. Nf5+ Kc5 54. Nh6 Nd6 55. Nc7 a5 56. Na6+ Kb6 57. Nb8 Kc7 58. Na6+ Kd7 59. Nc5+ Kc6 60. Na6 Bxf6 61. Nb8+ Kc7 62. Na6+ Kd7 63. Kc2 Bg7 64. Nf5 Nxf5 65. exf5 Bf8 66. Kb3 Bd6 0-1

[Event "ESP-ch U18"]
[Site "Salobrena"]
[Date "2022.08.05"]
[Round "8"]
[White "Serrano Almendros, Alejandro"]
[Black "Gonzalez Guedes, Iyan"]
[Result "0-1"]
[WhiteElo "2177"]
[BlackElo "2250"]
[PlyCount "136"]
[EventDate "2022.08.01"]
[EventType "swiss"]
[EventRounds "9"]
[EventCountry "ESP"]
[SourceTitle "EXT 2023"]
[Source "ChessBase"]
[SourceDate "2022.10.05"]
[SourceVersion "1"]
[SourceVersionDate "2022.10.05"]
[SourceQuality "1"]

1. d4 Nf6 2. c4 g6 3. Nc3 Bg7 4. e4 d6 5. Nge2 0-0 6. Ng3 e5 7. d5 a5 8. Be2 Na6 9. h4 c6 10. h5 cxd5 11. cxd5 Nc5 12. Be3 Bd7 13. Qd2 a4 14. h6 Bh8 15. f3 Qa5 16. 0-0 b5 17. Rfc1 Rfc8 18. Nd1 b4 19. Nf2 Be8 20. Nd3 Nxd3 21. Qxd3 Nd7 22. Rxc8 Rxc8 23. Qb5 Qxb5 24. Bxb5 Nc5 25. Bxe8 Rxe8 26. Rc1 Bf6 27. Bxc5 Bg5 28. Rc4 dxc5 29. Kf2 Bh4 30. Rc1 Kf8 31. Rh1 g5 32. Rh3 c4 33. Ke3 Bxg3 34. Rxg3 b3 35. axb3 cxb3 36. Rh3 Rc8 37. Rh1 Rc3+ 38. bxc3 a3 39. Ra1 b2 40. Rxa3 b1Q 41. Ra8+ Ke7 42. Ra7+ Kd6 43. Ra6+ Kc7 44. Ra7+ Kb6 45. Rxf7 Qg1+ 46. Kd3 Qxg2 47. Ke3 Qh3 48. Rf6+ Kc7 49. Ke2 Qg2+ 50. Ke3 Qg1+ 51. Ke2 g4 52. fxg4 Qxg4+ 53. Kd3 Qg3+ 54. Ke2 Qh4 55. Rc6+ Kd7 56. Kd3 Qg3+ 57. Kc4 Qe3 58. Kb5 Qxe4 59. c4 Qb1+ 60. Kc5 Qg1+ 61. Kb5 e4 62. Re6 e3 63. c5 e2 64. c6+ Kd8 65. d6 Qb1+ 66. Kc5 Qc2+ 67. Kd4 Qd2+ 68. Ke5 e1Q+ 0-1

[Event "Seville op 47th"]
[Site "Seville"]
[Date "2022.07.20"]
[Round "6"]
[White "Matamoros Franco, Carlos S"]
[Black "Serrano Almendros, Alejandro"]
[Result "1-0"]
[WhiteElo "2459"]
[BlackElo "2177"]
[PlyCount "59"]
[EventDate "2022.07.16"]
[EventType "swiss"]
[EventRounds "9"]
[EventCountry "ESP"]
[SourceTitle "CBM 209 Extra"]
[Source "ChessBase"]
[SourceDate "2022.09.30"]
[SourceVersion "1"]
[SourceVersionDate "2022.09.30"]
[SourceQuality "1"]

1. Nf3 Nf6 2. g3 d5 3. Bg2 e6 4. 0-0 Be7 5. d3 0-0 6. Nbd2 c5 7. e4 Nc6 8. Re1 b6 9. e5 Nd7 10. Nf1 Qc7 11. Bf4 Bb7 12. h4 Rfc8 13. N1h2 b5 14. Ng4 Bf8 15. Ng5 Qd8 16. c4 bxc4 17. dxc4 Nb6 18. Qb1 g6 19. Nf6+ Kg7 20. h5 Rc7 21. Ngxh7 Nxc4 22. Qc1 Be7 23. Bh6+ Kh8 24. Qg5 Qg8 25. Qf4 Qd8 26. b3 Nb6 27. hxg6 fxg6 28. Qh4 Nd4 29. Bf8 Nf5 30. Ng5+ 1-0

[Event "Casabermeja op"]
[Site "Casabermeja"]
[Date "2021.09.12"]
[Round "7"]
[White "Serrano Almendros, Alejandro"]
[Black "Gavilan Diaz, Mario"]
[Result "1/2-1/2"]
[WhiteElo "2166"]
[BlackElo "2278"]
[PlyCount "60"]
[EventDate "2021.09.09"]
[EventType "swiss"]
[EventRounds "7"]
[EventCountry "ESP"]
[SourceTitle "CBM 204 Extra"]
[Source "ChessBase"]
[SourceDate "2021.11.30"]
[SourceVersion "1"]
[SourceVersionDate "2021.11.30"]
[SourceQuality "1"]

1. d4 Nf6 2. c4 d6 3. Nc3 e5 4. e3 Nbd7 5. g3 g6 6. Bg2 Bg7 7. Nge2 0-0 8. 0-0 Re8 9. b3 c6 10. a4 exd4 11. exd4 Nf8 12. Ba3 Bf5 13. Qd2 h5 14. Rae1 Qd7 15. d5 c5 16. Bb2 Ng4 17. Nd1 Ne5 18. Nc1 Bh3 19. f4 Bxg2 20. Kxg2 Ng4 21. Bxg7 Kxg7 22. Ne3 Nxe3+ 23. Rxe3 Rxe3 24. Qxe3 Re8 25. Qc3+ Kg8 26. Re1 Rxe1 27. Qxe1 Kg7 28. Qc3+ Kg8 29. Qe1 Kg7 30. Qc3+ Kg8 1/2-1/2

[Event "ESP-ch U18"]
[Site "Salobrena"]
[Date "2021.07.30"]
[Round "8"]
[White "Gines Esteo, Pedro Antonio"]
[Black "Serrano Almendros, Alejandro"]
[Result "1-0"]
[WhiteElo "2470"]
[BlackElo "2071"]
[PlyCount "49"]
[EventDate "2021.07.26"]
[EventType "swiss"]
[EventRounds "9"]
[EventCountry "ESP"]
[SourceTitle "CBM 203 Extra"]
[Source "ChessBase"]
[SourceDate "2021.09.30"]
[SourceVersion "1"]
[SourceVersionDate "2021.09.30"]
[SourceQuality "1"]

1. Nf3 Nf6 2. c4 e6 3. b3 d5 4. Bb2 Be7 5. e3 0-0 6. Nc3 c5 7. cxd5 Nxd5 8. Qc2 Nc6 9. h4 h6 10. g4 f5 11. g5 Nxc3 12. Qxc3 Rf7 13. Bb5 Qd5 14. Ke2 Bd7 15. Bc4 Qe4 16. d3 Nd4+ 17. Nxd4 cxd4 18. dxe4 dxc3 19. Bxc3 hxg5 20. hxg5 Bxg5 21. Rh5 b5 22. Bd3 Bf6 23. Rah1 Rff8 24. Bxf6 gxf6 25. Rh8+ 1-0

[Event "ESP-ch U18"]
[Site "Salobrena"]
[Date "2021.07.30"]
[Round "7"]
[White "Sanleon Pravisano, Nieves"]
[Black "Serrano Almendros, Alejandro"]
[Result "0-1"]
[WhiteElo "1873"]
[BlackElo "2071"]
[PlyCount "96"]
[EventDate "2021.07.26"]
[EventType "swiss"]
[EventRounds "9"]
[EventCountry "ESP"]
[SourceTitle "CBM 203 Extra"]
[Source "ChessBase"]
[SourceDate "2021.09.30"]
[SourceVersion "1"]
[SourceVersionDate "2021.09.30"]
[SourceQuality "1"]

1. d4 e6 2. c4 Nf6 3. Nc3 d5 4. cxd5 exd5 5. Bg5 Be7 6. e3 0-0 7. Bd3 h6 8. Bf4 c6 9. h3 Bd6 10. Bxd6 Qxd6 11. Nf3 b6 12. 0-0 Ba6 13. Ne5 Bxd3 14. Qxd3 c5 15. f4 a6 16. Rad1 c4 17. Qc2 b5 18. a3 Nc6 19. e4 dxe4 20. Nxe4 Nxe4 21. Qxe4 Ne7 22. Ng4 Nd5 23. Qe5 Rad8 24. g3 f5 25. Nf2 Qg6 26. g4 Rfe8 27. Qxf5 Qxf5 28. gxf5 Ne3 29. Ng4 Nxf1 30. Kxf1 Re4 31. d5 Rxf4+ 32. Ke2 Rxf5 33. d6 h5 34. Nf2 Re8+ 35. Kf1 Ref8 36. Rd2 Rxf2+ 37. Rxf2 Rxf2+ 38. Kxf2 Kf7 39. Kg3 g5 40. Kf3 Ke6 41. Ke4 Kxd6 42. Kf5 g4 43. hxg4 hxg4 44. Kxg4 Kd5 45. Kf3 c3 46. bxc3 Kc4 47. Ke2 Kxc3 48. Kd1 Kb2 0-1

[Event "ESP-ch U18"]
[Site "Salobrena"]
[Date "2021.07.29"]
[Round "6"]
[White "Serrano Almendros, Alejandro"]
[Black "Canavate Ros, Adrian"]
[Result "1/2-1/2"]
[WhiteElo "2071"]
[BlackElo "1849"]
[PlyCount "70"]
[EventDate "2021.07.26"]
[EventType "swiss"]
[EventRounds "9"]
[EventCountry "ESP"]
[SourceTitle "CBM 203 Extra"]
[Source "ChessBase"]
[SourceDate "2021.09.30"]
[SourceVersion "1"]
[SourceVersionDate "2021.09.30"]
[SourceQuality "1"]

1. d4 Nf6 2. c4 e6 3. Nc3 d5 4. cxd5 exd5 5. Bg5 Be7 6. Qc2 0-0 7. e3 Nc6 8. a3 Re8 9. Bd3 h6 10. Bh4 a6 11. Nge2 Be6 12. 0-0 Nd7 13. Bg3 Nf8 14. f3 Bd6 15. Bf2 Ne7 16. e4 c6 17. e5 Bc7 18. f4 Qc8 19. Ng3 g6 20. Nce2 Kg7 21. Be1 Nf5 22. Nxf5+ Bxf5 23. Ng3 Bxd3 24. Qxd3 Bb6 25. Kh1 Ne6 26. f5 Nf8 27. fxg6 fxg6 28. Nh5+ gxh5 29. Bb4 Qg4 30. Rf6 Bxd4 31. Raf1 Qe4 32. Qg3+ Qg4 33. Rf7+ Kg8 34. Qd3 Qe4 35. Qg3+ Qg4 1/2-1/2

[Event "ESP-ch U18"]
[Site "Salobrena"]
[Date "2021.07.27"]
[Round "3"]
[White "Quispe Arteaga, Gabriel"]
[Black "Serrano Almendros, Alejandro"]
[Result "1-0"]
[WhiteElo "2392"]
[BlackElo "2071"]
[PlyCount "71"]
[EventDate "2021.07.26"]
[EventType "swiss"]
[EventRounds "9"]
[EventCountry "ESP"]
[SourceTitle "CBM 203 Extra"]
[Source "ChessBase"]
[SourceDate "2021.09.30"]
[SourceVersion "1"]
[SourceVersionDate "2021.09.30"]
[SourceQuality "1"]

1. d4 e6 2. c4 Nf6 3. Nc3 d5 4. cxd5 exd5 5. Bg5 c6 6. e3 Bd6 7. Qc2 0-0 8. Bd3 h6 9. Bh4 a5 10. Nge2 Na6 11. a3 Nc7 12. h3 Ne6 13. 0-0 Re8 14. f3 Ng5 15. Bxg5 hxg5 16. e4 Bf4 17. e5 Nh5 18. Nd1 Qb6 19. Kh1 Re6 20. Bh7+ Kh8 21. Bf5 Rh6 22. Bxc8 Rxc8 23. Nf2 Qa6 24. Qd3 Qxd3 25. Nxd3 Be3 26. b4 Ra8 27. Rfb1 a4 28. g3 b5 29. Kg2 g6 30. Ne1 Ng7 31. Nc2 Nf5 32. Rd1 Kg7 33. Rd3 Rah8 34. Nxe3 Nxe3+ 35. Rxe3 Rxh3 36. Rg1 1-0

[Event "ESP-ch U18"]
[Site "Salobrena"]
[Date "2021.07.26"]
[Round "2"]
[White "Serrano Almendros, Alejandro"]
[Black "Orts Tomas, Marc"]
[Result "1-0"]
[WhiteElo "2071"]
[BlackElo "1842"]
[PlyCount "87"]
[EventDate "2021.07.26"]
[EventType "swiss"]
[EventRounds "9"]
[EventCountry "ESP"]
[SourceTitle "CBM 203 Extra"]
[Source "ChessBase"]
[SourceDate "2021.09.30"]
[SourceVersion "1"]
[SourceVersionDate "2021.09.30"]
[SourceQuality "1"]

1. e4 c5 2. Nf3 Nc6 3. Bb5 g6 4. c3 Bg7 5. d4 cxd4 6. cxd4 a6 7. Be2 d5 8. e5 f6 9. Bf4 Nh6 10. 0-0 0-0 11. Qd2 Nf7 12. exf6 Bxf6 13. h3 Nd6 14. Nc3 Ne4 15. Qe3 Nxc3 16. bxc3 Bf5 17. g4 Bd7 18. Bh6 Re8 19. Ne5 Nxe5 20. dxe5 Bg7 21. Bxg7 Kxg7 22. e6 Bc6 23. Rad1 Qa5 24. Qe5+ Kg8 25. h4 Rf8 26. h5 Rf6 27. h6 Qa4 28. Rd4 Qc2 29. Bd3 Qd2 30. g5 Raf8 31. gxf6 Rxf6 32. Qe3 Qxc3 33. Rc1 Qb2 34. Rb1 Qxa2 35. Rf4 d4 36. Qxd4 Qa5 37. Rxf6 Qg5+ 38. Kf1 Bg2+ 39. Ke1 Qa5+ 40. Ke2 exf6 41. Qxf6 Qh5+ 42. f3 Bxf3+ 43. Qxf3 Qh2+ 44. Kf1 1-0

[Event "Seville op 46th"]
[Site "Seville"]
[Date "2021.07.04"]
[Round "6"]
[White "Cesar Maestre, Bernardo"]
[Black "Serrano Almendros, Alejandro"]
[Result "1/2-1/2"]
[WhiteElo "2267"]
[BlackElo "2030"]
[PlyCount "121"]
[EventDate "2021.06.30"]
[EventType "swiss"]
[EventRounds "7"]
[EventCountry "ESP"]
[SourceTitle "CBM 203 Extra"]
[Source "ChessBase"]
[SourceDate "2021.09.30"]
[SourceVersion "1"]
[SourceVersionDate "2021.09.30"]
[SourceQuality "1"]

1. e4 e6 2. d4 d5 3. Nd2 c5 4. exd5 Qxd5 5. Ngf3 cxd4 6. Bc4 Qd7 7. 0-0 Nc6 8. Nb3 Nf6 9. Nbxd4 Nxd4 10. Nxd4 a6 11. a4 Qc7 12. Bd3 Bd6 13. h3 0-0 14. c3 b6 15. Bg5 Be7 16. Re1 Nd5 17. Bxe7 Nxe7 18. Qe2 Ng6 19. Be4 Bb7 20. Rad1 Rad8 21. g3 Bxe4 22. Qxe4 Qc4 23. Qc2 Rd6 24. Nf3 Rfd8 25. Rxd6 Rxd6 26. Rd1 Rd5 27. Rxd5 Qxd5 28. Nd2 h6 29. c4 Qh5 30. Kg2 Qe2 31. Qc3 Ne5 32. Qe3 Qxe3 33. fxe3 Kf8 34. Kf1 Ke7 35. Ke2 Kd6 36. Ne4+ Kc6 37. b3 f5 38. Nc3 Kc5 39. Na2 Nf7 40. Kd3 a5 41. e4 Ng5 42. exf5 exf5 43. g4 Nxh3 44. gxf5 Ng5 45. Ke3 Nf7 46. Nc3 Nd6 47. Kf4 h5 48. Nb5 h4 49. Nc7 h3 50. Kg3 Nxf5+ 51. Kxh3 Nd4 52. Na6+ Kc6 53. b4 axb4 54. Nxb4+ Kc5 55. Nd5 Nc6 56. Kh4 Ne5 57. Kg5 Kc6 58. Kf5 Nxc4 59. Nxb6 Nd6+ 60. Kg6 Kxb6 61. Kxg7 1/2-1/2